[Event "4.Int Ch of Vojvodina"]
[Site "Novi Sad"]
[Date "2013.06.28"]
[Round "1.1"]
[White "Djuric, Nenad"]
[Black "Drazic, Sinisa"]
[Result "0-1"]
[WhiteElo "1970"]
[BlackElo "2463"]
[PlyCount "56"]
[EventDate "2013.06.28"]
[SourceDate "2013.06.30"]

1. d4 Nf6 2. e3 g6 3. Bd3 Bg7 4. f4 c5 5. c3 b6 6. Nf3 O-O 7. Qe2 d5 8. Nbd2
Bf5 9. e4 dxe4 10. Nxe4 Nbd7 11. Nxf6+ Nxf6 12. Bxf5 gxf5 13. dxc5 bxc5 14. O-O
e6 15. Be3 Ne4 16. Nd2 Nxd2 17. Bxd2 Rb8 18. Rab1 Qd5 19. c4 Qe4 20. Qxe4 fxe4
21. Rfe1 f5 22. b4 Rfd8 23. Re2 Rd4 24. Rc1 cxb4 25. Be3 Rd7 26. c5 a5 27. c6
Rc7 28. Rcc2 Bc3 0-1

[Event "4.Int Ch of Vojvodina"]
[Site "Novi Sad"]
[Date "2013.06.28"]
[Round "1.2"]
[White "Radlovacki, Jovan"]
[Black "Karlicic, Bozidar"]
[Result "1-0"]
[WhiteElo "2434"]
[BlackElo "1970"]
[PlyCount "81"]
[EventDate "2013.06.28"]
[SourceDate "2013.06.30"]

1. e4 c5 2. Nf3 e6 3. d3 Qc7 4. g3 Nc6 5. c3 a6 6. Bg2 d6 7. O-O Be7 8. d4 Nf6
9. Re1 O-O 10. h3 Ne8 11. Be3 Rb8 12. dxc5 dxc5 13. e5 b6 14. Nbd2 Bb7 15. Ne4
Rd8 16. Qc2 Rd7 17. Bf4 h6 18. h4 Qb8 19. Rad1 Rxd1 20. Rxd1 Nc7 21. Qc1 Nd5
22. Bxh6 Nxe5 23. Bg5 Nxf3+ 24. Bxf3 f6 25. Bd2 f5 26. Ng5 Bxg5 27. Bxg5 b5 28.
c4 bxc4 29. Qxc4 Rc8 30. Qe2 Qd6 31. h5 Kf7 32. Rd2 Re8 33. h6 g6 34. Qc4 Qb6
35. Qc3 Rg8 36. Bxd5 exd5 37. h7 Re8 38. h8=Q Re1+ 39. Kh2 Rh1+ 40. Kxh1 d4+
41. Kg1 1-0

[Event "4.Int Ch of Vojvodina"]
[Site "Novi Sad"]
[Date "2013.06.28"]
[Round "1.3"]
[White "Marta, Dominik"]
[Black "Nestorovic, Dejan"]
[Result "0-1"]
[WhiteElo "1970"]
[BlackElo "2428"]
[PlyCount "84"]
[EventDate "2013.06.28"]
[SourceDate "2013.06.30"]

1. c4 e5 2. Nc3 Nc6 3. g3 Bc5 4. Bg2 a6 5. e3 d6 6. Nge2 Ba7 7. O-O Nge7 8. d4
O-O 9. f4 exd4 10. Nxd4 Nxd4 11. exd4 Nf5 12. c5 Nxd4 13. Be3 dxc5 14. Rc1 Re8
15. Bf2 c6 16. Kh1 Be6 17. Re1 Qd7 18. Re5 f6 19. Re3 c4 20. Re4 c5 21. Qf1 Bf7
22. Rd1 Rad8 23. h4 b5 24. a3 Rxe4 25. Nxe4 Bd5 26. Re1 Kf8 27. Kh2 Re8 28. Qh1
Rd8 29. Kg1 Qc6 30. h5 h6 31. g4 Bb8 32. g5 f5 33. Bxd4 cxd4 34. Ng3 Bxg2 35.
Qxg2 Qxg2+ 36. Kxg2 Bxf4 37. gxh6 Bxh6 38. Nxf5 d3 39. Kf3 Re8 40. Rxe8+ Kxe8
41. a4 Kd7 42. a5 b4 0-1

[Event "4.Int Ch of Vojvodina"]
[Site "Novi Sad"]
[Date "2013.06.28"]
[Round "1.6"]
[White "Tosic, Miroslav"]
[Black "Popovic, Rajko"]
[Result "1-0"]
[WhiteElo "2411"]
[BlackElo "1943"]
[PlyCount "67"]
[EventDate "2013.06.28"]
[SourceDate "2013.06.30"]

1. d4 Nf6 2. c4 g6 3. Nc3 Bg7 4. e4 d6 5. f4 c5 6. d5 e6 7. Nf3 exd5 8. cxd5
O-O 9. Bd3 a6 10. a4 Re8 11. O-O Bg4 12. Bd2 Nbd7 13. h3 Bxf3 14. Qxf3 c4 15.
Bxc4 Qb6+ 16. Kh1 Qd4 17. Qd3 Nxe4 18. Be1 Rac8 19. Qxd4 Bxd4 20. Nxe4 Rxe4 21.
Bd3 Re3 22. Rd1 Bxb2 23. Bf2 Ree8 24. Rb1 Bg7 25. Rxb7 Nc5 26. Bxc5 Rxc5 27.
Bxa6 Bc3 28. Rb5 Rc4 29. Rb3 Rc5 30. Kh2 Re1 31. Rxc3 Rxf1 32. Rxc5 Rxf4 33.
Rc8+ Kg7 34. Bb5 1-0

[Event "4.Int Ch of Vojvodina"]
[Site "Novi Sad"]
[Date "2013.06.28"]
[Round "1.9"]
[White "Katic, Goran"]
[Black "Cvetkovic, Srdjan"]
[Result "1/2-1/2"]
[WhiteElo "1933"]
[BlackElo "2387"]
[PlyCount "38"]
[EventDate "2013.06.28"]
[SourceDate "2013.06.30"]

1. e4 c5 2. c3 d5 3. exd5 Qxd5 4. d4 e6 5. Nf3 Nf6 6. Bd3 cxd4 7. cxd4 Bb4+ 8.
Nc3 O-O 9. O-O Bxc3 10. bxc3 b6 11. c4 Qd8 12. Ne5 Bb7 13. Bg5 Nc6 14. Nd7 Qxd7
15. Bxf6 gxf6 16. Qg4+ Kh8 17. Qh4 f5 18. Qf6+ Kg8 19. Qg5+ Kh8 1/2-1/2

[Event "4.Int Ch of Vojvodina"]
[Site "Novi Sad"]
[Date "2013.06.28"]
[Round "1.10"]
[White "Bodiroga, Predrag"]
[Black "Ratic, Zoran"]
[Result "1-0"]
[WhiteElo "2369"]
[BlackElo "1922"]
[PlyCount "83"]
[EventDate "2013.06.28"]
[SourceDate "2013.06.30"]

1. d4 Nf6 2. c4 g6 3. Nc3 Bg7 4. e4 d6 5. f3 O-O 6. Nge2 Nc6 7. Be3 a6 8. Qd2
Re8 9. g3 b6 10. Bg2 Bd7 11. O-O Rb8 12. Rab1 Qc8 13. Rfc1 Na5 14. Nd5 e5 15.
Nxf6+ Bxf6 16. d5 Nb7 17. b4 Bg7 18. Rc3 f5 19. Nc1 Rf8 20. Nd3 fxe4 21. fxe4
Bh3 22. c5 b5 23. Rbc1 Rf7 24. Nf2 Bxg2 25. Kxg2 Ra8 26. Qc2 dxc5 27. Bxc5 Bh6
28. Rd1 a5 29. a3 Nxc5 30. bxc5 b4 31. Rcd3 Qa6 32. d6 cxd6 33. cxd6 Rc8 34.
Qb3 bxa3 35. d7 Rd8 36. Rf3 Bf4 37. gxf4 Kg7 38. fxe5 Rfxd7 39. Rxd7+ Rxd7 40.
e6 Re7 41. Qc3+ Kg8 42. Qf6 1-0

[Event "4.Int Ch of Vojvodina"]
[Site "Novi Sad"]
[Date "2013.06.28"]
[Round "1.11"]
[White "Castven, Samuel"]
[Black "Kiroski, Toni"]
[Result "0-1"]
[WhiteElo "1921"]
[BlackElo "2341"]
[PlyCount "68"]
[EventDate "2013.06.28"]
[SourceDate "2013.06.30"]

1. c4 d6 2. Nc3 e5 3. e4 Nc6 4. d3 f5 5. g3 Nf6 6. Bg2 fxe4 7. dxe4 Nd4 8. h3
Be6 9. b3 Qd7 10. Be3 c5 11. Nge2 Be7 12. g4 O-O 13. Ng3 g6 14. O-O Ne8 15. Qd2
Nc7 16. Bxd4 cxd4 17. Nd5 Bh4 18. Nxc7 Qxc7 19. Ne2 Qb6 20. Nc1 Qd8 21. Nd3 Bg5
22. Qb4 b6 23. a4 a5 24. Qa3 h5 25. gxh5 gxh5 26. Kh2 Bf4+ 27. Nxf4 Rxf4 28.
Ra2 Ra7 29. Qc1 Rg7 30. Rg1 Qh4 31. Qe1 Rf3 32. Qf1 Rxb3 33. Rc2 Kh8 34. Qd1
Rxh3+ 0-1

[Event "4.Int Ch of Vojvodina"]
[Site "Novi Sad"]
[Date "2013.06.28"]
[Round "1.12"]
[White "Cabarkapa, Novak"]
[Black "Pavkov, Nebojsa"]
[Result "1-0"]
[WhiteElo "2341"]
[BlackElo "1921"]
[PlyCount "125"]
[EventDate "2013.06.28"]
[SourceDate "2013.06.30"]

1. e4 d6 2. d4 Nf6 3. Nc3 g6 4. Nf3 Bg7 5. h3 c6 6. Bd3 O-O 7. O-O Nbd7 8. Be3
e5 9. dxe5 dxe5 10. Ne2 Nh5 11. c3 f5 12. exf5 gxf5 13. Ng5 Nb6 14. Qb3+ Nd5
15. g4 h6 16. gxh5 hxg5 17. c4 Nxe3 18. fxe3 Qb6 19. c5+ Qxb3 20. axb3 Be6 21.
Bc4 Bxc4 22. bxc4 Kh7 23. Rad1 Rf7 24. Ng3 Raf8 25. e4 fxe4 26. Rxf7 Rxf7 27.
Nxe4 Kh6 28. Ng3 Bf8 29. b4 a5 30. bxa5 Bxc5+ 31. Kh1 Bb4 32. Kg2 Rf4 33. Rd7
Rxc4 34. Rxb7 Bxa5 35. Re7 Bc3 36. Re6+ Kh7 37. Re7+ Kh6 38. Re6+ Kh7 39. Nf5
Bb2 40. Rh6+ Kg8 41. Rg6+ Kh7 42. Rg7+ Kh8 43. h6 e4 44. Rb7 Be5 45. Ne7 Rc2+
46. Kf1 Rc1+ 47. Ke2 Kh7 48. Nxc6+ Kxh6 49. Nxe5 Rc3 50. Ng4+ Kg6 51. Rb6+ Kg7
52. Nf2 Rg3 53. Re6 Ra3 54. Rxe4 Kg6 55. Re3 Ra1 56. Kf3 Kh5 57. Kg2 Ra2 58.
Kg3 Ra1 59. Ng4 Rf1 60. Nh2 Rg1+ 61. Kf2 Ra1 62. Nf3 Ra5 63. Re5 1-0

[Event "4.Int Ch of Vojvodina"]
[Site "Novi Sad"]
[Date "2013.06.28"]
[Round "1.13"]
[White "Aleksic, Zvonimir"]
[Black "Andrijevic, Milan"]
[Result "0-1"]
[WhiteElo "1918"]
[BlackElo "2322"]
[PlyCount "103"]
[EventDate "2013.06.28"]
[SourceDate "2013.06.30"]

1. e4 c5 2. Nc3 e6 3. g3 d5 4. d3 Nc6 5. Bg2 Nf6 6. f4 dxe4 7. Nxe4 Nxe4 8.
Bxe4 Be7 9. Be3 Bd7 10. c3 O-O 11. Ne2 Qc7 12. O-O Rad8 13. Qe1 f5 14. Bf3 e5
15. Qf2 b6 16. Rad1 Bd6 17. Bd5+ Kh8 18. d4 exd4 19. cxd4 Nb4 20. dxc5 bxc5 21.
Bc4 Nc2 22. Rxd6 Qxd6 23. Bxc5 Qc6 24. Bb3 Bc8 25. h3 Bb7 26. Kh2 Rfe8 27. Bxc2
Rd2 28. Bd1 Qd5 29. Bd4 Ba6 30. Re1 Qxd4 31. Qxd4 Rxd4 32. Nxd4 Rxe1 33. Bb3 g6
34. g4 Re4 35. Nc6 Bb5 36. Nxa7 Bd7 37. Bd5 Rxf4 38. gxf5 Rxf5 39. Be4 Ra5 40.
Nc6 Bxc6 41. Bxc6 Rxa2 42. Kg3 Rxb2 43. Bd5 Kg7 44. Kf4 g5+ 45. Kg4 Rb4+ 46.
Kg3 Kf6 47. Bc6 h5 48. Bd7 Ke5 49. Be8 Rb3+ 50. Kg2 h4 51. Bd7 Kf4 52. Bg4 0-1

[Event "4.Int Ch of Vojvodina"]
[Site "Novi Sad"]
[Date "2013.06.28"]
[Round "1.14"]
[White "Rogac, Srdjan"]
[Black "Adamov, Ivan"]
[Result "1-0"]
[WhiteElo "2322"]
[BlackElo "1914"]
[PlyCount "81"]
[EventDate "2013.06.28"]
[SourceDate "2013.06.30"]

1. e4 c5 2. c3 d5 3. exd5 Qxd5 4. d4 Nf6 5. Nf3 Bg4 6. Be2 e6 7. Na3 a6 8. Nc2
cxd4 9. Qxd4 Bc5 10. Qxd5 Nxd5 11. a3 O-O 12. c4 Nf6 13. Be3 Bxe3 14. Nxe3 Bh5
15. Ne5 Bxe2 16. Kxe2 Nbd7 17. Nxd7 Nxd7 18. Rhd1 Nf6 19. Rd6 Rfd8 20. Rad1
Rxd6 21. Rxd6 Rc8 22. b4 Kf8 23. c5 Ke7 24. f3 h5 25. h4 Nd7 26. Nc4 f6 27. f4
e5 28. fxe5 Nxe5 29. Nxe5 fxe5 30. Ke3 Rc6 31. Rd5 Kf6 32. Ke4 Re6 33. Rd7 b6
34. Rb7 b5 35. Rb6 Ke7 36. Kd5 Rxb6 37. cxb6 Kd7 38. Kxe5 Kc6 39. Kf5 Kxb6 40.
Kg6 a5 41. Kxh5 1-0

[Event "4.Int Ch of Vojvodina"]
[Site "Novi Sad"]
[Date "2013.06.28"]
[Round "1.16"]
[White "Kokeza, Mirko"]
[Black "Golupski, Vladislav"]
[Result "0-1"]
[WhiteElo "2315"]
[BlackElo "1908"]
[PlyCount "73"]
[EventDate "2013.06.28"]
[SourceDate "2013.06.30"]

1. d4 d5 2. c4 c6 3. cxd5 cxd5 4. Nc3 Nc6 5. Bf4 a6 6. e3 Nf6 7. Bd3 g6 8. Qb3
Na5 9. Qc2 Nc6 10. a3 Nh5 11. Be5 f6 12. Bg3 Ng7 13. Bxg6+ hxg6 14. Qxg6+ Kd7
15. Qf7 Nh5 16. Nge2 Nxg3 17. Nxg3 Qe8 18. Qxd5+ Kc7 19. Rc1 e5 20. Qe4 f5 21.
Nxf5 Bxf5 22. Qxf5 exd4 23. Nd5+ Kd6 24. Nb6 Rd8 25. Qf4+ Ke6 26. O-O Bd6 27.
Qg4+ Kf7 28. g3 d3 29. Qf5+ Kg7 30. Rc4 Ne5 31. Rd4 Qh5 32. Qxh5 Rxh5 33. Kg2
Bc7 34. Nd5 Rxh2+ 35. Kxh2 Nf3+ 36. Kg2 Nxd4 37. Nxc7 0-1

[Event "4.Int Ch of Vojvodina"]
[Site "Novi Sad"]
[Date "2013.06.28"]
[Round "1.17"]
[White "Blazeka, Djuro"]
[Black "Brajic, Miloje"]
[Result "0-1"]
[WhiteElo "1906"]
[BlackElo "2300"]
[PlyCount "76"]
[EventDate "2013.06.28"]
[SourceDate "2013.06.30"]

1. e4 Nf6 2. e5 Nd5 3. d4 d6 4. c4 Nb6 5. exd6 cxd6 6. Nf3 g6 7. Nc3 Bg7 8. Be3
Bg4 9. h3 Bxf3 10. Qxf3 Nc6 11. Rc1 Nxd4 12. Bxd4 Bxd4 13. Qxb7 O-O 14. Be2 e5
15. O-O Rb8 16. Qe4 Bxc3 17. Rxc3 Na4 18. Ra3 Qd7 19. b3 Nc5 20. Qd5 Rb6 21.
Rd1 Qe7 22. Ra5 Ne6 23. g3 h5 24. Kg2 h4 25. Bg4 f5 26. Bf3 Kg7 27. Qd2 e4 28.
Be2 hxg3 29. fxg3 f4 30. Bg4 f3+ 31. Kf1 Nc5 32. Qd4+ Rf6 33. Re1 Qc7 34. Rb5
Rxb5 35. cxb5 Nd3 36. Rd1 Qc2 37. Qxa7+ Rf7 38. Qd4+ Kh7 0-1

[Event "4.Int Ch of Vojvodina"]
[Site "Novi Sad"]
[Date "2013.06.28"]
[Round "1.19"]
[White "Cvetanovic, Damjan"]
[Black "Mastrapovic, Vladimir"]
[Result "0-1"]
[WhiteElo "1904"]
[BlackElo "2298"]
[PlyCount "52"]
[EventDate "2013.06.28"]
[SourceDate "2013.06.30"]

1. d4 Nf6 2. c4 g6 3. Nc3 d5 4. Nf3 Bg7 5. Qa4+ c6 6. cxd5 Nxd5 7. e4 Nc7 8.
Be3 O-O 9. Rd1 Nd7 10. Be2 b5 11. Qc2 Bb7 12. O-O Rc8 13. b4 a5 14. bxa5 Na6
15. Qb3 Qxa5 16. Bd2 Qc7 17. Rc1 Qb8 18. a4 b4 19. Na2 c5 20. Be3 Qa8 21. d5
Nf6 22. Nd2 Nxe4 23. Nxe4 Bxd5 24. Qd3 c4 25. Qd2 Bxe4 26. f3 c3 0-1

[Event "4.Int Ch of Vojvodina"]
[Site "Novi Sad"]
[Date "2013.06.28"]
[Round "1.20"]
[White "Doric, Nenad"]
[Black "Besedes, Danilo"]
[Result "1-0"]
[WhiteElo "2283"]
[BlackElo "1902"]
[PlyCount "43"]
[EventDate "2013.06.28"]
[SourceDate "2013.06.30"]

1. e4 e5 2. Nf3 Nc6 3. Nc3 Nf6 4. Bb5 Bd6 5. d3 a6 6. Ba4 b5 7. Bb3 Bc5 8. Nxe5
Nxe5 9. d4 Bd6 10. dxe5 Bxe5 11. f4 Bxc3+ 12. bxc3 Bb7 13. e5 Ne4 14. O-O O-O
15. Be3 a5 16. Qd3 d6 17. a4 bxa4 18. Rxa4 Nc5 19. Bxc5 dxc5 20. f5 Qg5 21. Qh3
h5 22. e6 1-0

[Event "4.Int Ch of Vojvodina"]
[Site "Novi Sad"]
[Date "2013.06.28"]
[Round "2.1"]
[White "Drazic, Sinisa"]
[Black "Popov, Jovan"]
[Result "1-0"]
[WhiteElo "2463"]
[BlackElo "2185"]
[PlyCount "89"]
[EventDate "2013.06.28"]
[SourceDate "2013.06.30"]

1. d4 Nf6 2. Bg5 Ne4 3. Bf4 d5 4. f3 Nf6 5. Nc3 c6 6. e4 dxe4 7. fxe4 Bg4 8.
Qd2 e6 9. h3 Bh5 10. g4 Bg6 11. Bg2 Bb4 12. Qe3 Qa5 13. Nge2 Nbd7 14. O-O-O O-O
15. a3 Be7 16. Kb1 b5 17. Nc1 Qb6 18. e5 Nd5 19. Nxd5 cxd5 20. h4 Rac8 21. Rd2
b4 22. a4 Qc6 23. Qb3 Nb6 24. h5 Be4 25. g5 Nc4 26. Bxe4 Nxd2+ 27. Bxd2 dxe4
28. g6 e3 29. gxf7+ Kh8 30. d5 exd5 31. Bxb4 Bxb4 32. Qxb4 Qxc2+ 33. Ka2 Qc4+
34. Qxc4 Rxc4 35. Nd3 Rxa4+ 36. Kb3 Re4 37. Ra1 Rb8+ 38. Kc2 Rc4+ 39. Kd1 Rc7
40. e6 Re7 41. Ra6 d4 42. Rd6 h6 43. Nf4 Reb7 44. Rxd4 Rxb2 45. e7 1-0

[Event "4.Int Ch of Vojvodina"]
[Site "Novi Sad"]
[Date "2013.06.28"]
[Round "2.3"]
[White "Nestorovic, Dejan"]
[Black "Popovic, Milan"]
[Result "1-0"]
[WhiteElo "2428"]
[BlackElo "2178"]
[PlyCount "103"]
[EventDate "2013.06.28"]
[SourceDate "2013.06.30"]

1. d4 Nf6 2. c4 g6 3. Nc3 Bg7 4. e4 d6 5. Be2 O-O 6. Bg5 a6 7. Nf3 c5 8. dxc5
Qa5 9. O-O Qxc5 10. Rc1 Bg4 11. Be3 Qa5 12. h3 Bxf3 13. Bxf3 Nc6 14. a3 Rac8
15. Qb3 Nd7 16. Bg4 f5 17. exf5 gxf5 18. Bf3 f4 19. Bd5+ Kh8 20. Bd2 e6 21. Ne4
Qc7 22. Bxc6 bxc6 23. Qd3 Nc5 24. Nxc5 dxc5 25. Bc3 f3 26. g3 Rcd8 27. Qe3 Bd4
28. Bxd4+ cxd4 29. Qxe6 c5 30. Rfe1 Qg7 31. Rcd1 Rf6 32. Qe5 Qh6 33. Rd3 Kg8
34. Kh2 Qg6 35. Re4 h5 36. b4 Rf5 37. Qe7 Rd6 38. bxc5 Rdf6 39. Rdxd4 Rf7 40.
Qd6 R5f6 41. Qb8+ Rf8 42. Qe5 Kh7 43. Rh4 Rf5 44. Rd7+ Kg8 45. Qd4 Rg5 46. Rf4
Rxf4 47. Qxf4 Rf5 48. Qb8+ Rf8 49. Qd6 Rf6 50. Qd5+ Kh8 51. Qe5 Kg8 52. c6 1-0

[Event "4.Int Ch of Vojvodina"]
[Site "Novi Sad"]
[Date "2013.06.28"]
[Round "2.4"]
[White "Sokic, Dragomir"]
[Black "Martinovic, Slobodan"]
[Result "1-0"]
[WhiteElo "2178"]
[BlackElo "2417"]
[PlyCount "63"]
[EventDate "2013.06.28"]
[SourceDate "2013.06.30"]

1. e4 c5 2. Nf3 d6 3. d4 cxd4 4. Nxd4 Nf6 5. Nc3 Nc6 6. Be2 g6 7. O-O Bg7 8.
Be3 O-O 9. f4 Bd7 10. Nb3 a6 11. a4 Be6 12. Kh1 Rc8 13. Nd4 Bd7 14. Nb3 Be6 15.
Nd4 Nxd4 16. Bxd4 Qa5 17. Bf3 Rfd8 18. Ne2 Qc7 19. c3 Bc4 20. a5 Nd7 21. Bg4
Rb8 22. Bxd7 Rxd7 23. Rf2 e5 24. Bb6 Qc6 25. Qc2 Qb5 26. Nc1 exf4 27. b3 Be6
28. Rxf4 Rc8 29. Rf3 Rxc3 30. Rxc3 Qf1+ 31. Bg1 Bd4 32. Ne2 1-0

[Event "4.Int Ch of Vojvodina"]
[Site "Novi Sad"]
[Date "2013.06.28"]
[Round "2.5"]
[White "Saric, Sinisa"]
[Black "Kovacevic, Goran"]
[Result "1/2-1/2"]
[WhiteElo "2412"]
[BlackElo "2177"]
[PlyCount "140"]
[EventDate "2013.06.28"]
[SourceDate "2013.06.30"]

1. d4 Nf6 2. c4 e6 3. Nc3 d5 4. cxd5 exd5 5. Bg5 c6 6. Qc2 Be7 7. e3 O-O 8. Bd3
Nbd7 9. Nf3 Re8 10. O-O Nf8 11. Ne5 N6d7 12. Bxe7 Qxe7 13. Nxd7 Bxd7 14. b4 Qh4
15. Rae1 Re6 16. f3 Qe7 17. Qd2 Qxb4 18. Rb1 Qe7 19. Rxb7 Rxe3 20. Bf5 Re8 21.
Ne4 Qa3 22. Bxd7 Nxd7 23. Rxd7 dxe4 24. fxe4 R3xe4 25. Rdxf7 Qd6 26. Rxa7 Qxd4+
27. Qxd4 Rxd4 28. Rff7 Rg4 29. Rfc7 h5 30. Re7 Rxe7 31. Rxe7 Rc4 32. Kf2 Kf8
33. Re2 Rh4 34. h3 Ra4 35. Ke1 Kf7 36. Kd1 Kf6 37. Kc1 Kf5 38. Kb2 Kf4 39. Kb3
Ra6 40. a4 g5 41. Kb4 Kg3 42. Re5 Kh4 43. a5 g4 44. Re3 gxh3 45. Rxh3+ Kg4 46.
Ra3 Kf4 47. Rf3+ Kg4 48. Ka4 Ra8 49. Rc3 Ra6 50. Kb4 Kf4 51. Ra3 Kg4 52. Kc5 h4
53. Kd6 Kf4 54. Kc7 c5 55. Kb7 Rg6 56. Rh3 Rxg2 57. Rxh4+ Ke5 58. Ra4 Kd5 59.
a6 Rg7+ 60. Kb6 Rg6+ 61. Kb5 Rg8 62. a7 Ra8 63. Kb6 c4 64. Kb7 Rxa7+ 65. Kxa7
c3 66. Kb6 c2 67. Ra1 Kc4 68. Ra5 Kc3 69. Rc5+ Kb2 70. Rxc2+ Kxc2 1/2-1/2

[Event "4.Int Ch of Vojvodina"]
[Site "Novi Sad"]
[Date "2013.06.28"]
[Round "2.6"]
[White "Trajkovic, Aleksandar"]
[Black "Tosic, Miroslav"]
[Result "1/2-1/2"]
[WhiteElo "2169"]
[BlackElo "2411"]
[PlyCount "121"]
[EventDate "2013.06.28"]
[SourceDate "2013.06.30"]

1. c4 c5 2. Nc3 Nc6 3. Nf3 g6 4. g3 Bg7 5. Bg2 d6 6. O-O e5 7. d3 Nge7 8. Bg5
f6 9. Bd2 h6 10. Nd5 O-O 11. Rb1 Nxd5 12. cxd5 Ne7 13. e4 a5 14. a3 f5 15. Qc1
g5 16. b4 cxb4 17. axb4 a4 18. b5 Ng6 19. Bb4 fxe4 20. dxe4 Bg4 21. Qa3 Qf6 22.
Bxd6 Bxf3 23. Bxf8 Rxf8 24. Bxf3 Qxf3 25. Qxa4 Rf7 26. Rb3 Qg4 27. f3 Qd7 28.
Qc4 Bf8 29. b6 Bd6 30. Rc1 Rf8 31. Kg2 Ra8 32. Rc2 Ne7 33. Qb5 Qxb5 34. Rxb5
Kf7 35. Rc7 Bxc7 36. bxc7 Nc8 37. Rxb7 Ke7 38. h4 Ra2+ 39. Kh3 gxh4 40. Kxh4
Kd7 41. Kg4 Ra3 42. f4 exf4 43. Kxf4 Ra4 44. Kf3 Ra3+ 45. Kf4 Ra4 46. g4 Rc4
47. Ke3 Kd6 48. Kf4 Kd7 49. Ke3 Rxc7 50. Rxc7+ Kxc7 51. e5 Nb6 52. Ke4 Kd7 53.
Kd4 Na4 54. Kc4 Nb2+ 55. Kd4 Nd1 56. Ke4 Nc3+ 57. Kd4 Nd1 58. Ke4 Ke7 59. Kf5
Ne3+ 60. Kg6 Nxg4 61. Kh5 1/2-1/2

[Event "4.Int Ch of Vojvodina"]
[Site "Novi Sad"]
[Date "2013.06.28"]
[Round "2.7"]
[White "Nestorovic, Nikola"]
[Black "Mladenovic, Dusan"]
[Result "1-0"]
[WhiteElo "2405"]
[BlackElo "2145"]
[PlyCount "95"]
[EventDate "2013.06.28"]
[SourceDate "2013.06.30"]

1. e4 c6 2. d4 d5 3. e5 Bf5 4. Nd2 e6 5. Nb3 c5 6. dxc5 Bxc5 7. Nxc5 Qa5+ 8. c3
Qxc5 9. Nf3 Qc7 10. Bb5+ Nc6 11. Be3 Nge7 12. Bc5 Bg4 13. O-O O-O 14. Bd6 Qd7
15. h3 Bxf3 16. Qxf3 f6 17. Qe2 fxe5 18. Bxe5 Ng6 19. Bg3 Rae8 20. Rad1 a6 21.
Bd3 Nf4 22. Bxf4 Rxf4 23. Qh5 g6 24. Bxg6 Ref8 25. Bc2 Qg7 26. Rde1 R4f6 27. f4
Kh8 28. Qe2 Qh6 29. Qd3 R6f7 30. f5 Rxf5 31. Rxf5 Rxf5 32. Rxe6 Qxe6 33. Qxf5
Qxf5 34. Bxf5 Ne7 35. Bd3 h6 36. Kf2 Kg7 37. Ke3 Kf6 38. Kd4 Ke6 39. Kc5 Nc8
40. Be2 Nd6 41. Bf3 Ne4+ 42. Bxe4 dxe4 43. Kd4 Kf5 44. g3 h5 45. Ke3 Ke5 46. g4
h4 47. c4 a5 48. b3 1-0

[Event "4.Int Ch of Vojvodina"]
[Site "Novi Sad"]
[Date "2013.06.28"]
[Round "2.8"]
[White "Kanjuh, Vladimir"]
[Black "Leskur, Dejan"]
[Result "0-1"]
[WhiteElo "2123"]
[BlackElo "2391"]
[PlyCount "100"]
[EventDate "2013.06.28"]
[SourceDate "2013.06.30"]

1. d4 Nf6 2. Nf3 c5 3. c3 Qc7 4. g3 g6 5. Bg2 Bg7 6. O-O O-O 7. Bf4 d6 8. Qc1
Nbd7 9. Bh6 b6 10. Bxg7 Kxg7 11. Ne5 Bb7 12. Nxd7 Qxd7 13. Bxb7 Qxb7 14. Qf4
Rfe8 15. Nd2 e5 16. dxe5 dxe5 17. Qa4 Rad8 18. Rad1 Rd7 19. Nf3 e4 20. Rxd7
Nxd7 21. Nh4 b5 22. Qc2 e3 23. f3 Nf6 24. Qd3 Re5 25. Ng2 c4 26. Qd4 Qe7 27.
Rb1 Rd5 28. Qh4 Rd2 29. Kf1 h6 30. Qf4 Nd5 31. Qe4 Qxe4 32. fxe4 Nf6 33. e5 Ng4
34. h3 Nxe5 35. Nxe3 Kf6 36. Ke1 Rd7 37. b3 cxb3 38. axb3 a5 39. c4 Rb7 40. Ra1
bxc4 41. bxc4 Nc6 42. Ng4+ Ke6 43. Nxh6 f5 44. g4 Rb3 45. gxf5+ gxf5 46. Rd1
Rxh3 47. Ng8 Rh1+ 48. Kd2 Rxd1+ 49. Kxd1 Kf7 50. Kc2 Kxg8 0-1

[Event "4.Int Ch of Vojvodina"]
[Site "Novi Sad"]
[Date "2013.06.28"]
[Round "2.9"]
[White "Jakovljevic, Zdravko"]
[Black "Bodiroga, Predrag"]
[Result "0-1"]
[WhiteElo "1619"]
[BlackElo "2369"]
[PlyCount "82"]
[EventDate "2013.06.28"]
[SourceDate "2013.06.30"]

1. e4 c6 2. d4 d5 3. Nc3 dxe4 4. Nxe4 Bf5 5. Ng3 Bg6 6. h4 h6 7. Nf3 e6 8. Bd3
Bxd3 9. Qxd3 Nf6 10. Bd2 c5 11. Qb5+ Qd7 12. Qxd7+ Nbxd7 13. O-O-O Bd6 14. Ne2
Ne4 15. Be3 c4 16. Nd2 Nxd2 17. Bxd2 Nf6 18. Bf4 Be7 19. f3 O-O-O 20. g4 h5 21.
Bg5 Rd7 22. Bxf6 Bxf6 23. g5 Be7 24. Rhf1 b5 25. f4 Bd6 26. f5 e5 27. dxe5 Bxe5
28. Rxd7 Kxd7 29. Rd1+ Kc6 30. Nd4+ Bxd4 31. Rxd4 Re8 32. Kd2 Re5 33. Rf4 Kd5
34. Kc3 a5 35. b4 cxb3 36. axb3 Re3+ 37. Kd2 Re4 38. Rxe4 Kxe4 39. f6 gxf6 40.
gxf6 Ke5 41. Kd3 Kxf6 0-1

[Event "4.Int Ch of Vojvodina"]
[Site "Novi Sad"]
[Date "2013.06.28"]
[Round "2.10"]
[White "Koroski, Toni"]
[Black "Veselica, Nedeljko"]
[Result "1-0"]
[WhiteElo "2341"]
[BlackElo "2130"]
[PlyCount "33"]
[EventDate "2013.06.28"]
[SourceDate "2013.06.30"]

1. e4 e6 2. d4 d5 3. Nc3 Bb4 4. exd5 exd5 5. Bd3 Nc6 6. Nf3 Bg4 7. Be3 a6 8. h3
Bh5 9. a3 Be7 10. g4 Bg6 11. Ne5 Bxd3 12. Qxd3 f6 13. Nxc6 bxc6 14. Ne2 Bd6 15.
c4 Qe7 16. Qb3 dxc4 17. Qb7 1-0

[Event "4.Int Ch of Vojvodina"]
[Site "Novi Sad"]
[Date "2013.06.28"]
[Round "2.11"]
[White "Tisma, Ivan"]
[Black "Cabarkapa, Novak"]
[Result "1/2-1/2"]
[WhiteElo "2096"]
[BlackElo "2341"]
[PlyCount "74"]
[EventDate "2013.06.28"]
[SourceDate "2013.06.30"]

1. Nf3 Nf6 2. g3 g6 3. Bg2 Bg7 4. O-O O-O 5. d3 d6 6. c4 e5 7. Nc3 Nc6 8. Rb1
a5 9. a3 h6 10. b4 axb4 11. axb4 Be6 12. b5 Ne7 13. Bb2 Qd7 14. Re1 Bh3 15. Bh1
Ng4 16. Qb3 Kh7 17. Nd5 Nxd5 18. cxd5 f5 19. Qc4 f4 20. Rec1 Rf7 21. Bc3 fxg3
22. hxg3 Qf5 23. Rb4 Qh5 24. Be1 Bf6 25. Bg2 Bxg2 26. Kxg2 Bg5 27. Rc2 Rxf3 28.
Qxg4 Rf7 29. Qxh5 gxh5 30. b6 cxb6 31. Rxb6 Rd7 32. Bb4 Be7 33. Rc4 Ra2 34. Kf1
Ra1+ 35. Kg2 Ra2 36. Kf1 Ra1+ 37. Kg2 Ra2 1/2-1/2

[Event "4.Int Ch of Vojvodina"]
[Site "Novi Sad"]
[Date "2013.06.28"]
[Round "214"]
[White "Ostovic, Matija"]
[Black "Kolompar, Ivan"]
[Result "1-0"]
[WhiteElo "2316"]
[BlackElo "2094"]
[PlyCount "73"]
[EventDate "2013.06.28"]
[SourceDate "2013.06.30"]

1. e4 c5 2. c3 d5 3. exd5 Qxd5 4. d4 Nf6 5. Nf3 Bg4 6. Be2 e6 7. h3 Bh5 8. Na3
Nc6 9. Nb5 Qd8 10. dxc5 Bxc5 11. Qa4 O-O 12. O-O a6 13. Nbd4 Nxd4 14. cxd4 Be7
15. Qb3 b5 16. Be3 Qd5 17. g4 Bg6 18. Rfc1 Qb7 19. Nd2 Ne4 20. Bf3 Nxd2 21.
Bxb7 Nxb3 22. axb3 Ra7 23. Bxa6 Rfa8 24. d5 Rxa6 25. Rxa6 Rxa6 26. Rc8+ Bf8 27.
Bc5 h6 28. Rxf8+ Kh7 29. d6 Ra1+ 30. Kh2 Rd1 31. b4 f6 32. f3 e5 33. Rb8 Rd2+
34. Kg3 Bd3 35. Be3 Rxb2 36. d7 Bf1 37. Bf2 1-0

[Event "4.Int Ch of Vojvodina"]
[Site "Novi Sad"]
[Date "2013.06.28"]
[Round "2.15"]
[White "Bozinovic, Boban"]
[Black "Kokeza, Mirko"]
[Result "1-0"]
[WhiteElo "2053"]
[BlackElo "2315"]
[PlyCount "92"]
[EventDate "2013.06.28"]
[SourceDate "2013.06.30"]

1. e4 c5 2. Nf3 g6 3. d4 cxd4 4. Nxd4 Bg7 5. Be3 Nf6 6. Nc3 Nc6 7. f3 d5 8. Bb5
Bd7 9. exd5 Nxd4 10. Bxd7+ Qxd7 11. Bxd4 O-O 12. O-O Rfd8 13. Re1 b5 14. a3 a5
15. Qe2 b4 16. axb4 axb4 17. Rxa8 Rxa8 18. Ne4 Nxd5 19. Bxg7 Kxg7 20. Qc4 Qa7+
21. Nf2 e6 22. Qe4 Qc5 23. Kf1 Rc8 24. Re2 Nf6 25. Qf4 Qb5 26. Nd3 b3 27. Qb4
Qh5 28. Qxb3 Qxh2 29. Qb6 Nh5 30. Qd4+ Kg8 31. Kf2 Ng3 32. Qe5 Nh1+ 33. Ke1
Qh4+ 34. Kd2 Ng3 35. Re1 Qh2 36. Nf4 Rd8+ 37. Kc1 Qh6 38. Kb1 Nf5 39. g4 Nh4
40. Qf6 Rc8 41. Rh1 Rc4 42. Qd8+ Kg7 43. g5 Qh5 44. Nxh5+ gxh5 45. Qf6+ Kg8 46.
Rd1 Rc8 1-0